<?xml version="1.0" encoding="UTF-8"?><?xml-stylesheet type="text/xsl" href="static/style.xsl"?><OAI-PMH xmlns="http://www.openarchives.org/OAI/2.0/" xmlns:xsi="http://www.w3.org/2001/XMLSchema-instance" xsi:schemaLocation="http://www.openarchives.org/OAI/2.0/ http://www.openarchives.org/OAI/2.0/OAI-PMH.xsd"><responseDate>2026-04-17T05:21:54Z</responseDate><request verb="GetRecord" identifier="oai:www.recercat.cat:20.500.12328/3661" metadataPrefix="marc">https://recercat.cat/oai/request</request><GetRecord><record><header><identifier>oai:recercat.cat:20.500.12328/3661</identifier><datestamp>2025-05-16T12:57:58Z</datestamp><setSpec>com_2072_67741</setSpec><setSpec>col_2072_484352</setSpec></header><metadata><record xmlns="http://www.loc.gov/MARC21/slim" xmlns:dcterms="http://purl.org/dc/terms/" xmlns:xsi="http://www.w3.org/2001/XMLSchema-instance" xmlns:doc="http://www.lyncode.com/xoai" xsi:schemaLocation="http://www.loc.gov/MARC21/slim http://www.loc.gov/standards/marcxml/schema/MARC21slim.xsd">
   <leader>00925njm 22002777a 4500</leader>
   <datafield ind2=" " ind1=" " tag="042">
      <subfield code="a">dc</subfield>
   </datafield>
   <datafield ind2=" " ind1=" " tag="720">
      <subfield code="a">Tintoré, Mireia</subfield>
      <subfield code="e">author</subfield>
   </datafield>
   <datafield ind2=" " ind1=" " tag="720">
      <subfield code="a">López-Meseguer, Rafael</subfield>
      <subfield code="e">author</subfield>
   </datafield>
   <datafield ind2=" " ind1=" " tag="720">
      <subfield code="a">Ardura, Diego</subfield>
      <subfield code="e">author</subfield>
   </datafield>
   <datafield ind2=" " ind1=" " tag="720">
      <subfield code="a">Galán, Arturo</subfield>
      <subfield code="e">author</subfield>
   </datafield>
   <datafield ind2=" " ind1=" " tag="260">
      <subfield code="c">2023</subfield>
   </datafield>
   <datafield ind2=" " ind1=" " tag="520">
      <subfield code="a">En la literatura de investigación se plantea que para mejorar las organizaciones educativas se necesita un liderazgo centrado en el aprendizaje, inclusivo y ampliamente distribuido. En el presente artículo, mediante un diseño de métodos mixtos secuencial explica-tivo, se analiza cómo los directores perciben y ejercen el liderazgo y cómo distribuyen el tiempo en el ejercicio de sus funciones. La muestra la componen 21 directivos pertenecientes a ocho centros educativos situados en contextos desfavorecidos de la Comunidad de Madrid (España), en los que se va a aplicar un nuevo programa de liderazgo para la educación integral. Los resultados de cuestiona-rios y entrevistas muestran que los directivos son conscientes de la importancia del liderazgo para la mejora. Sin embargo, encuentran obstáculos para su puesta en práctica, de modo que la distribución de su tiempo directivo no concuerda con sus supuestos teóricos. El artículo compara estos resultados con los de otras investigaciones y con la literatura académica disponible, y sugiere algunas recomen-daciones a tener en cuenta para mejorar el liderazgo en estos centros educativos.</subfield>
   </datafield>
   <datafield ind2=" " ind1=" " tag="520">
      <subfield code="a">Research suggests that, in order to improve educational organizations, it is necessary to exert a leadership that is broadly distri-buted, inclusive, and learning-centered. In this article, we analyze how 21 members of leadership teams in eight educational centers located in disadvantaged contexts in Madrid (Spain) and who are going to follow a leadership program for comprehensive education perceive, exert, and  distribute  leadership, as well as the manner in which they organize their management time. The  study  is  conducted by means of a sequential exploratory design of mixed methods, and the results of questionnaires and interviews show that management teams are aware of the importance of leadership in order to see an improvement. However, they find obstacles when putting it into practice, and the distribution of their managerial time does not agree with their theoretical assumptions. The article com-pares these results with those of other investigations and with the available academic literature, and it suggests some recommendations to improve leadership in these schools.</subfield>
   </datafield>
   <datafield ind1="8" ind2=" " tag="024">
      <subfield code="a">Tintoré, Mireia; López-Meseguer, Rafael; Ardura, Diego [et al.]. Percepciones de directivos escolares en centros de contextos desfavorecidos sobre el liderazgo y la organización escolar. Aula Abierta, 2023, 52(1), p. 33-42. Disponible en: &lt;https://reunido.uniovi.es/index.php/AA/article/view/18532>. Fecha de acceso: 14 abr. 2023. DOI: 10.17811/rifie.52.1.2023.33-42.</subfield>
   </datafield>
   <datafield ind1="8" ind2=" " tag="024">
      <subfield code="a">0210-2773</subfield>
   </datafield>
   <datafield ind1="8" ind2=" " tag="024">
      <subfield code="a">http://hdl.handle.net/20.500.12328/3661</subfield>
   </datafield>
   <datafield ind1="8" ind2=" " tag="024">
      <subfield code="a">https://dx.doi.org/10.17811/rifie.52.1.2023.33-42</subfield>
   </datafield>
   <datafield tag="653" ind2=" " ind1=" ">
      <subfield code="a">Lideratge educatiu</subfield>
   </datafield>
   <datafield tag="653" ind2=" " ind1=" ">
      <subfield code="a">Lideratge distribuït</subfield>
   </datafield>
   <datafield tag="653" ind2=" " ind1=" ">
      <subfield code="a">Formació de directors escolars</subfield>
   </datafield>
   <datafield tag="653" ind2=" " ind1=" ">
      <subfield code="a">Estils de lideratge</subfield>
   </datafield>
   <datafield tag="653" ind2=" " ind1=" ">
      <subfield code="a">Organització escolar</subfield>
   </datafield>
   <datafield tag="653" ind2=" " ind1=" ">
      <subfield code="a">Liderazgo educativo</subfield>
   </datafield>
   <datafield tag="653" ind2=" " ind1=" ">
      <subfield code="a">Liderazgo distribuido</subfield>
   </datafield>
   <datafield tag="653" ind2=" " ind1=" ">
      <subfield code="a">Formación de directores escolares</subfield>
   </datafield>
   <datafield tag="653" ind2=" " ind1=" ">
      <subfield code="a">Estilos de liderazgo</subfield>
   </datafield>
   <datafield tag="653" ind2=" " ind1=" ">
      <subfield code="a">Organización escolar</subfield>
   </datafield>
   <datafield tag="653" ind2=" " ind1=" ">
      <subfield code="a">Educational leadership</subfield>
   </datafield>
   <datafield tag="653" ind2=" " ind1=" ">
      <subfield code="a">Distributed leadership</subfield>
   </datafield>
   <datafield tag="653" ind2=" " ind1=" ">
      <subfield code="a">Training of school principals</subfield>
   </datafield>
   <datafield tag="653" ind2=" " ind1=" ">
      <subfield code="a">Leadership styles</subfield>
   </datafield>
   <datafield tag="653" ind2=" " ind1=" ">
      <subfield code="a">School organization</subfield>
   </datafield>
   <datafield ind2="0" ind1="0" tag="245">
      <subfield code="a">Percepciones de directivos escolares en centros de contextos desfavorecidos sobre el liderazgo y la organización escolar</subfield>
   </datafield>
</record></metadata></record></GetRecord></OAI-PMH>